02029nam a2200385 i 4500001001000000003000900010005001700019007000300036008004100039020001800080040003000098041000800128082002300136100005200159245025000211246008700461250002300548264005500571300002800626336002700654337003300681338002800714500006300742590002600805590006500831650009300896650008000989650007201069910004101141942001401182952014501196952014001341952014501481999001701626000040705DO-SdBNP20240809131729.0ta100512s2013 dr 000 0 spa d a9789945481327 aDO-SdBNPbspacBNPHUerda hspa 4a348.046bG643e2221 aGonzález Canahuate, Almanzor L.eautor98625010aEnciclopedia jurisprudencial integrada : bde las decisiones de la Suprema Corte de Justicia de la República Dominicana en Materia de Tierra, jurisprudencia en materia de tierra , correspondiente al año 2012 /cAlmanzor González Canahuate.14aSuplemento No. 4 jurisprudencia en materia de tierra correspondiente al año 2012 aPrimera edición  aSanto Domingo :bSuprema Corte de Justicia,c2013. a944 páginas ;c24 cm. 2rdacontentatextobtxt 2rdamediaasin mediaciónbn 2rdacarrieravolumenbnc aIncluye datos biográficos del autor en la contracubierta aInventariado, 2024/DG aLa biblioteca posee 3 ejemplares autografiados por el autor. 0a Jurisprudencia zRepública Dominicanay 2012xRecopilaciones, repertorios, etc982105 4aSuprema Corte de Justiciav xJurisprudenciazRepública Dominicana986251 4aTítulos de tierrasxJurisprudenciazRepública Dominicana986239 aDG. Validado, Control de calidad/MAA 2ddccLBS1 00102ddc56708DS-RaBNPHUbBNPHUcHDd2013-09-05eDepósito legaloBNPHU R-DS 348.046 G643ep40705-30r2020-06-25te.3w2020-06-25yLBS1 00102ddc51708DS-RaBNPHUbBNPHUcHDd2013-09-05eDepósito legaloBNPHU R-PD 348.046 G643ep40705-10r2020-06-25w2020-06-25yLBS1 00102ddc51708DS-RaBNPHUbBNPHUcHDd2013-09-05eDepósito legaloBNPHU R-PD 348.046 G643ep40705-20r2020-06-25te.2w2020-06-25yLBS1 c40195d40195